Oheň /
Román úspěšné francouzské autorky, nominantky několika literárních cen, je zdrcujícím pohledem na vztahy dvou zcela odlišných lidí, které jsou determinovány rodinnými a společenskými poměry.
Uloženo v:
| Série: | Světová knihovna,
část 0 |
|---|---|
| Hlavní autor: | |
| Další autoři: | |
| Médium: | E-kniha |
| Jazyk: | Czech |
| Vydáno: |
Praha :
Odeon,
2022
|
| Vydání: | Vydání první |
| Edice: | Světová knihovna (Odeon)
|
| Témata: | |
| Příbuzné jednotky: | Z cyklu::
Světová knihovna |
| Tagy: |
Žádné tagy |
| LEADER | 02651nam a2200481 i 4500 | ||
|---|---|---|---|
| 001 | 311791 | ||
| 003 | CZ PrSKC | ||
| 005 | 20260601215712.0 | ||
| 007 | ta | ||
| 008 | 220921s2022 xr g 000 f cze | ||
| 015 | |a cnb003424223 | ||
| 020 | |a 9788020721167 |q (vázáno) | ||
| 035 | |a (OCoLC)1350559312 | ||
| 040 | |a ABG001 |b cze |e rda | ||
| 041 | 1 | |a cze |h fre | |
| 072 | 7 | |a 821.133.1-3 |x Francouzská próza, francouzsky psaná |2 Konspekt | |
| 080 | |a 821.133.1-31 |2 MRF | ||
| 080 | |a (0:82-311.1) |2 MRF | ||
| 100 | 1 | |a Pourchet, Maria, |d 1980- |7 xx0276941 |4 aut | |
| 240 | 1 | 0 | |a Feu. |l Česky |
| 245 | 1 | 0 | |a Oheň / |c Maria Pourchet ; přeložila Alexandra Pflimpflová |
| 250 | |a Vydání první | ||
| 264 | 1 | |a Praha : |b Odeon, |c 2022 | |
| 300 | |a 236 stran ; |c 21 cm | ||
| 336 | |a text |b txt |2 rdacontent | ||
| 337 | |a bez média |b n |2 rdamedia | ||
| 338 | |a svazek |b nc |2 rdacarrier | ||
| 490 | 1 | |a Světová knihovna ; |v svazek 262 | |
| 500 | |a Přeloženo z francouzštiny | ||
| 520 | 2 | |a Román úspěšné francouzské autorky, nominantky několika literárních cen, je zdrcujícím pohledem na vztahy dvou zcela odlišných lidí, které jsou determinovány rodinnými a společenskými poměry. |b Padesátiletý Clément - úspěšný bankéř, žijící s pocitem nemilovaného dítěte. Jediný, koho má opravdu rád a pro koho je ochoten se obětovat, je jeho pes. Aby popudil svou matku, říká mu Taťka. Čtyřicetiletá Laura - spořádaná profesorka, manželka a matka, která dělá věci tak, jak se má. Ve skutečnosti ale touží po velkých citech. Oba žijí v jakési ulitě kompromisu a pohodlnosti. V kulisách současného rozjitřeného a nepředvídatelného světa rozehrají sebevražednou hru neukojené vášně, nenaplněné touhy, frustrace a mezigeneračního nepochopení. | |
| 655 | 7 | |a francouzské romány |7 fd132289 |2 czenas | |
| 655 | 7 | |a psychologické romány |7 fd278579 |2 czenas | |
| 655 | 9 | |a French fiction |2 eczenas | |
| 655 | 9 | |a psychological novels |2 eczenas | |
| 700 | 1 | |a Pflimpflová, Alexandra, |d 1948- |7 jk01092947 |4 trl | |
| 830 | 0 | |a Světová knihovna (Odeon) | |
| 900 | |a ABA001 |b 20 | ||
| 928 | 9 | |a Euromedia Group - Odeon | |
| 044 | |a xr | ||
| 787 | 0 | 8 | |g 0 |i Z cyklu: |t Světová knihovna |
| 910 | |a RBIT002 | ||
| 998 | |d 365571 |a https://core.palmknihy.cz/api/books/365571/cover?rms1q5 |b https://core.palmknihy.cz/api/books/365571/cover/400?rms1q5 |c https://core.palmknihy.cz/api/books/365571/cover/50?rms1q5 |e 2026-11-24 |g 248 |i 9788020721167 |j https://core.palmknihy.cz/api/books/365571/preview.epub |l |q 49 |r 1 |s https://www.palmknihy.cz/kniha/365571 |t ebook |y 2022 |z 0 |v Světová knihovna |w 0 | ||
| 999 | |d 311789 | ||